000 01084cam a22003257a 4500
003 CHAP
005 20220329141747.0
008 971013s1974 r 00010 d
010 _a73419
011 _a74391
035 _a83950
040 _cCHAP
090 _aFolleto 2299
100 0 0 _aBarrera Benítez, Heriberto.
_910373
245 0 _aNormalización internacional de alimentos
260 _aMéxico, D. F. :
_bComisión Nacional de Fruticultura,
_c1974
300 _a22 p.
490 0 _aCONAFRUT. Serie especial.Folleto
590 _aBATCH-UPD
_b10
_c20130110
_lUCH01
_h0820
590 _aBATCH-UPD
_b10
_c20130410
_lUCH01
_h0457
590 _aBATCH-UPD
_b10
_c20130914
_lUCH01
_h2107
590 _aCONVERSION
_b10
_c20130109
_lUCH01
_h1340
650 1 4 _aAlimentos
_xNormas de calidad.
_94256
830 0 _aCONAFRUT. Serie especial.Folleto
_926272
901 _aBK
942 _cFOLL
949 _aFolleto 2299
_bBC
_cFOLL
_d-38969
_eTS1
_i83950
_si
949 _aFolleto 2299
_bBC
_cFOLL
_d-38971
_eTS2
_fc.2
_i83950
_si
949 _aFolleto 2299
_bBC
_cFOLL
_d-38972
_eTS2
_fc.3
_i83950
_si
999 _c73419
_d73419